Statistics for Dark Souls 2 Spells

Click here to take the quiz!

General Stats

  • This quiz has been taken 8 times
  • The average score is 26 of 106

Answer Stats

Spell CategoryAnswer% Correct
PyromanciesFireball
100%
PyromanciesFire Orb
100%
SorceriesGreat Soul Arrow
100%
SorceriesSoul Arrow
100%
HexesDark Orb
80%
PyromanciesGreat Fireball
80%
SorceriesGreat Heavy Soul Arrow
80%
SorceriesHeavy Soul Arrow
80%
SorceriesMagic Weapon
80%
SorceriesSoul Spear
80%
PyromanciesCombustion
60%
SorceriesCrystal Soul Spear
60%
PyromanciesFire Whip
60%
MiraclesGreat Heal
60%
SorceriesGreat Magic Weapon
60%
MiraclesHeal
60%
SorceriesHoming Soul Mass
60%
SorceriesHush
60%
PyromanciesPoison Mist
60%
PyromanciesToxic Mist
60%
SorceriesCast Light
40%
SorceriesChameleon
40%
SorceriesCrystal Magic Weapon
40%
MiraclesEmit Force
40%
MiraclesForce
40%
PyromanciesGreat Chaos Fireball
40%
PyromanciesGreat Combustion
40%
MiraclesGreat Lightning Spear
40%
MiraclesGuidance
40%
PyromanciesImmolation
40%
MiraclesLightning Spear
40%
MiraclesMed Heal
40%
MiraclesSoothing Sunlight
40%
SorceriesSoul Greatsword
40%
MiraclesSunlight Blade
40%
PyromanciesWarmth
40%
MiraclesWrath of the Gods
40%
PyromanciesAcid Surge
20%
HexesAffinity
20%
PyromanciesChaos Storm
20%
HexesDark Fog
20%
HexesDark Greatsword
20%
HexesDark Weapon
20%
HexesDead Again
20%
PyromanciesFirestorm
20%
PyromanciesFlame Weapon
20%
PyromanciesFlash Sweat
20%
MiraclesGreat Heal Excerpt
20%
MiraclesGreat Magic Barrier
20%
SorceriesHeavy Homing Soul Arrow
20%
SorceriesHidden Weapon
20%
MiraclesHomeward
20%
SorceriesHoming Crystal Soul Mass
20%
SorceriesHoming Soul Arrow
20%
PyromanciesIron Flesh
20%
MiraclesMagic Barrier
20%
SorceriesRepair
20%
HexesRepel
20%
MiraclesSoul Appease
20%
SorceriesSoul Geyser
20%
MiraclesSunlight Spear
20%
MiraclesBlinding Bolt
0%
MiraclesBountiful Sunlight
0%
MiraclesCaressing Prayer
0%
HexesClimax
0%
PyromanciesDance of Fire
0%
HexesDark Dance
0%
HexesDark Hail
0%
HexesDarkstorm
0%
MiraclesDenial
0%
SorceriesFall Control
0%
PyromanciesFire Snake
0%
PyromanciesFire Tempest
0%
PyromanciesFlame Swathe
0%
SorceriesFocus Souls
0%
PyromanciesForbidden Sun
0%
HexesGreat Resonant Soul
0%
MiraclesHeavenly Thunder
0%
HexesLifedrain Patch
0%
PyromanciesLingering Flame
0%
HexesNumbness
0%
PyromanciesOutcry
0%
MiraclesPerseverance
0%
HexesProfound Still
0%
HexesPromised Walk of Peace
0%
HexesRecollection
0%
MiraclesReplenishment
0%
HexesResonant Flesh
0%
HexesResonant Soul
0%
HexesResonant Weapon
0%
MiraclesResplendent Life
0%
MiraclesSacred Oath
0%
HexesScraps of Life
0%
SorceriesShockwave
0%
SorceriesSoul Bolt
0%
SorceriesSoul Flash
0%
SorceriesSoul Shower
0%
SorceriesSoul Spear Barrage
0%
SorceriesSoul Vortex
0%
MiraclesSplintering Lightning Spear
0%
SorceriesStrong Magic Shield
0%
HexesTwisted Barricade
0%
SorceriesUnleash Magic
0%
MiraclesUnveil
0%
HexesWhisper of Despair
0%
SorceriesYearn
0%

Score Distribution

Percentile by Number Answered

Percent of People with Each Score

Your Score History

You have not taken this quiz